แสดงรายละเอียดบรรณานุกรม
  กลับหน้าหลัก

Brief Record : Get Marc (ISO 2709) : E-mail record : QR code ปิดหน้าต่าง
E-books : เกี่ยวกับ Collections
LEADER 00000nam 2200000uu 4500
001    214059
003     ULIBM
008    231117s||||||||th 000 0 tha d
020    ^a9786164435476
041    ^atha^beng
060 04 ^aWC39^bH236 2564
245 00 ^aHandbook of infectious disease /^cบรรณาธิการ, รุจิภาส สิริจตุภัทร, ภาคภูมิ พุ่มพวง, วลัยพร วังจินดา
250    ^aพิมพ์ครั้งที่ 2
260    ^aกรุงเทพฯ :^bสาขาวิชาโรคติดเชื้อและอายุรศาสตร์เขตร้อนภาควิชาอายุรศาสตร์ คณะแพทยศาสตร์ศิริราชพยาบาล มหาวิทยาลัยมหิดล,^c2564
300    ^a414 หน้า :^bภาพประกอบ ;^c21 ซม.
650  2 ^aCommunicable Diseases
650  4 ^aโรคติดเชื้อ^vคู่มือ
650  4 ^aโรคติดเชื้อ^xการรักษา^vคู่มือ
653    ^aผลงานอาจารย์คณะแพทยศาสตร์ศิริราชพยาบาล
700 0  ^aรุจิภาส สิริจตุภัทร,^eบรรณาธิการ
700 0  ^aภาคภูมิ พุ่มพวง,^eบรรณาธิการ
700 0  ^aวลัยพร วังจินดา,^eบรรณาธิการ
710 2  ^aมหาวิทยาลัยมหิดล.^bคณะแพทยศาสตร์ศิริราชพยาบาล.^bภาควิชาอายุรศาสตร์
999    ^aใช้งานได้ทุกระบบ
รายการนี้ยังไม่มีแท็ก
คุณยังไม่ได้ล็อกอิน คุณสามารถมีกิจกรรมร่วมกับเว็บไซต์ได้ แต่ต้องล็อกอินก่อน ::
  ล็อกอิน
ลำดับที่ ประเภท เลขเรียก สถานที่ สถานะ
1. การพยาบาล (ตำราหลัก)
การพยาบาล (ตำราหลัก)
WC39 H236 2564 ฉ.1 
  
การพยาบาลผู้ใหญ่ On Shelf
  ขอยืม
Note:จัดซื้อปีงบประมาณ 2565
2. การพยาบาล (ตำราหลัก)
การพยาบาล (ตำราหลัก)
WC39 H236 2564 ฉ.2 
  
การพยาบาลผู้ใหญ่ On Shelf
  ขอยืม
Note:จัดซื้อปีงบประมาณ 2565
   [แสดง 2/2 รายการ]

รายการใกล้เคียง
    หัวเรื่อง [Communicable Diseases]

BibComment


ยังไม่เคยถูกคอมเมนท์

คอมเมนท์ทรัพยากรรายการนี้
  คอมเมนท์: Handbook of infe..
Bib 214059

 
 
 

 Union Library Management : ULibM
Copyright 2026. All Rights Reserved.
скачать бесплатно без регистрации порно красивый секс HD Sex Hindi sex

xxx gou

xxxx

bfxxx

xxxwww

Секса Видео

xxxx

Секса Видео

detube

geilexxx

C99 Shell

worms shell

blod xxx video
Ebony Coed Rihanna Rimes Takes A Dick In Her Young Twat priyaa indian fuck anal and pusssy hardcore indian women xxx desi hardcore fucking part 1 bengalixxxcouple